00295nam a2200109Ia 4500008004100000100001800041245005200059260000900111300002900120440002400149650001200173180117s9999 xx 000 0 und d aRonald L Cruz 4aThe CSI- style of PRotecting Endangered Species c2017 a6-10 pages, 2017 July 16 aPhilippine Panorama aSPECIES